00530nam a2200145 4500008004100000020001800041020001500059050002500074100001500099245010700114260005800221300003100279504002600310650004800336230705b |||||||| |||| 00| 0 eng d a9789966825582 a9966825584 aHD 30.28 b.M84 2019 aMugo, Mary aThe winning strategy: bHow to use Strategic Planning to Build Effective Organizations/cDr. Mary Mugo aNRB. Kenya :bZionPearl Publishers,c(June 21, 2019). axiv,144p. :bill. ;c21cm. aIncludes Biblio. Ref. aStrategic Planning xeffective organization